Statistiques concernant Histoire commençant par la lettre K

Cliquez ici pour prendre le quiz!

Statistiques générales

  • Ce quiz a été pris 3,747 fois
    (3,135 depuis la dernière actualisation)
  • Le résultat moyen est 11 sur 20

Statistiques - réponses

Indice Réponse % Correct
Monstre géant de fiction faisant sa première apparition à l'écran en 1933, il est souvent
représenté au somment d'un gratte-ciel
King Kong
93%
"Ville-capitale" du Japon jusqu'en 1600Kyoto
92%
Cobain de son nom de familleKurt
87%
Prêtre séculier, chanoine et homme politique français, il a donné son nom à une
boisson alcoolisée à base de crème de cassis
Félix Kir
84%
Dérivé de "César", ce titre était utilisé pour désigner les souverains et empereur d'AllemagneKaiser
78%
Sabre japonais utilisé par les samouraïsKatana
73%
État indépendant depuis 2008, son statut aura été indeterminé pendant près de 10 ansKosovo
66%
Physicien britannique ayant laissé son nom à une échelle de températureLord Kelvin
(William Thomson)
59%
Guerre israélo-arabe de 1973, tirant son nom d'un jour de jeûne de la religion juiveGuerre du Kippour
56%
Région historique berbère située dans le Nord de l'AlgérieKabylie
55%
L'ancien nom de cet archipel du pacifique était les Îles GilbertKiribati
50%
Mouvement communiste dirigé par Pol Pot, responsable du génocide
cambodgien entre 1975 et 1979
Khmers rouges
49%
Écrivan "tchèque de langue allemande", connu pour son procès,
son château et sa métamorphose
Franz Kafka
48%
Deep Blue a battu ce champion du monde d'échecs en 1997Garry Kasparov
47%
Économiste britannique, considéré comme l'un des plus influents théoriciens
de l'économie du XXe siècle
John Maynard Keynes
40%
Astronome du XVIème siècle ayant mis en évidence la trajectoire elliptique
des planètes autour du soleil
Johannes Kepler
39%
Ce volcan d'Indonésie est surtout connu pour son éruption de 1883 qui
provoqua des nuages observables jusqu'en Europe
Krakatoa
34%
Navigateur breton du XVIIIème siècle qui a donné son nom à un archipel françaiseYves Joseph de
Kerguelen
31%
Fondateur, premier dirigeant et "président éternel" de la Corée du NordKim Il-sung
31%
Peintre russe du XIX et XXème siècle, considéré comme fondateur de l'art abstraitVassily Kandinsky
30%

Distribution des résultats

Percentile par nombre de réponses

% des personnes avec chaque résultat

Votre développement - résultats

Vous n’avez pas pris ce quiz depuis la dernière actualisation